Mis salones: itinerario del arte moderno en España
Saved in:
| Main Author: | |
|---|---|
| Format: | Book |
| Language: | Spanish |
| Published: |
Madrid
M. Aguilar
1930
|
| Subjects: | |
| Tags: |
Add Tag
No Tags, Be the first to tag this record!
|
MARC
| LEADER | 00000cam a2200000 a 4500 | ||
|---|---|---|---|
| 001 | UCU0750 | ||
| 003 | CL-VaPUC | ||
| 005 | 20230119074137.0 | ||
| 008 | 960329e19300000SP |||||||||||||||||spa|d | ||
| 999 | |c 245562 |d 245560 | ||
| 040 | |c Pontificia Universidad Católica de Valparaíso | ||
| 082 | 0 | 4 | |a 759.46 |b ORS |2 21 |
| 100 | |a Ors, Eugenio d' |e autor |9 347022 | ||
| 245 | 1 | 0 | |a Mis salones: itinerario del arte moderno en España |
| 260 | |a Madrid |b M. Aguilar |c 1930 | ||
| 300 | |a 346 p | ||
| 583 | |a last modification |c 20140717 09:30:18 |k Rodrigo Vera | ||
| 650 | 0 | |a Arte español |9 341293 | |
| 650 | 0 | |a Museos |9 269209 | |
| 650 | 0 | |a Pintura española |9 315217 | |
| 650 | 0 | |a Pintores |9 265963 | |
| 942 | |c BK |2 ddc | ||
| 945 | |d 19960329 00:00:00 |a rbrito | ||
| 952 | |0 0 |1 0 |4 0 |6 759_460000000000000_ORS_1930 |7 0 |8 A |9 260104 |a BIBART |b BIBART |d 2019-11-19 |i 3184757 |o 759.46 ORS 1930 |p 3184757 |r 2025-03-13 |w 2019-11-19 |y BK |k ART | ||
| 952 | |0 0 |1 0 |4 0 |6 759_460000000000000_ORS_1930 |7 0 |8 X |9 260105 |a BIBHIS |b BIBHIS |d 2019-11-19 |i 1361376 |o 759.46 ORS 1930 |p 1361376 |r 2024-01-30 |w 2019-11-19 |y BK_X |k HIS | ||
| 952 | |0 0 |1 0 |3 erd |4 0 |6 759_460000000000000_ORS_1930 |7 0 |8 A |9 260106 |a BIBART |b BIBART |i 5048478 |o 759.46 ORS 1930 |p 5048478 |r 2025-03-13 |w 2019-11-19 |y BK |z Catalogado en:20140717 |k ART | ||